000 00605nam a22002177a 4500
005 20240506090505.0
008 240506b |||||||| |||| 00| 0 eng d
020 _a9788131239971
082 _a616.12
_bBRA-B
100 _aBraunwald's
245 _aBraunwald's Heart Disese :
_bA textbook of Cardiovascular Meddicine /
_cBraunwald's, Mann, Zipes, Libby
250 _a10th ed.
260 _aindia :
_bReed :
_c2015.
300 _axiii.1943p.
_bill;
_c27cm.
490 _vvol 2.
500 _aInclude index .
650 _aMedical / Rediology
700 _a Mann,
700 _aZipes,
999 _c35686
_d35686